000 00300nam a22001337a 4500
008 170822b xxu||||| |||| 00| 0 eng d
020 _a0387971955
041 _aeng
080 _a51
100 _a38
101 _aMAT
245 _aGARDUATE TEXTS IN MATHEMATICS
_cREMMERT.R
942 _2udc
_cBK
999 _c24515
_d24515